header

Learning why and how (Record no. 56821)

MARC details
000 -LEADER
fixed length control field 01083cam a2200277Mu 4500
100 1# - MAIN ENTRY--AUTHOR NAME
Personal name Mano, Rita.
245 10 - TITLE STATEMENT
Title Learning why and how
260 ## - PUBLICATION, DISTRIBUTION, ETC. (IMPRINT)
Place of publication [S.l.] :
Name of publisher Bentham Science Publishers,
Year of publication 2012.
300 ## - PHYSICAL DESCRIPTION
Number of Pages viii, 119 p.
650 #0 - SUBJECT ADDED ENTRY--TOPICAL TERM
Topical Term Nonprofit organizations.
Topical Term Voluntarism.
856 40 - ELECTRONIC LOCATION AND ACCESS
Uniform Resource Identifier http://site.ebrary.com/lib/rucke/Doc?id=10621399

No items available.

© 2026 Rongo University
Contact us: librarian | system librarian | Rongo university